<The> Effects of Debt Versus Equity Inflows on Savings and Growth in Developing Economies
Enregistré dans:
| Auteur principal: | |
|---|---|
| Autres auteurs: | |
| Format: | Livre |
| Langue: | anglais |
| Publié: |
Kiel
Institut für Weltwirtschaft
1987
|
| Édition: | 1. ed. |
| Collection: | Working Paper
No.276 |
| Tags: |
Pas de tags, Soyez le premier à ajouter un tag!
|
MARC
| LEADER | 00000nam a2200000 4500 | ||
|---|---|---|---|
| 001 | c026484 | ||
| 005 | 20221219115747.9 | ||
| 041 | 0 | |a eng | |
| 044 | |a DE | ||
| 245 | 1 | 0 | |a <The> Effects of Debt Versus Equity Inflows on Savings and Growth in Developing Economies |c Ulrich Lächler, Peter Nunnenkamp |
| 250 | |a 1. ed. | ||
| 264 | 1 | |a Kiel |b Institut für Weltwirtschaft |c 1987 | |
| 300 | |a 30 s. | ||
| 490 | 1 | |a Working Paper |v No.276 | |
| 830 | 0 | |a Working Paper |v No.276 | |
| 100 | 1 | |a Lächler, Ulrich | |
| 700 | 1 | |a Nunnenkamp, Peter | |